Bienvenue à la Médiathèque de Saint-Andiol
banniere
Accueil Recherche avancée Mon compte
handi1 Rechercher dans le catalogue

Filtre   Mots-clés
  Recherche avancée
 
Lister les dernières nouveautés
 
Lister les livres GROS CARACTERES
 
Lister les périodiques (magazines)

handi1 Martin et Rosa

Martin Luther King et Rosa Parks, ensemble pour l'égalité

<< Retourner aux résultats de la recherche
Book Cover
Auteur principal : Raphaële Frier
Autres auteurs : Zaü
Titre : Martin et Rosa
Support : Livres
Langue : Francais
Publié : 2013 Rue du Monde Paris
Genre : Roman (enfants)
Collection : Grands portraits
Sujets : King, Martin Luther (1929-1968) > Ouvrages pour la jeunesse
Parks, Rosa (1913-2005) > Ouvrages pour la jeunesse
Étiquettes :
Pas de tags
LEADER 01201nam0a2200265 450
001 16867789
010 |a 978-2-35504-270-6  |b cart.  |d 17,5 € 
100 |a 20131118d2013 u u0frey01 ba 
101 0 |a fre 
102 |a FR 
200 0 |a Martin et Rosa  |e Martin Luther King et Rosa Parks, ensemble pour l'égalité  |f texte de Raphaële Frier  |g images de Zaü 
207 1 |a   
210 |a Paris  |c Rue du Monde  |d 2013 
215 |a 51 p.  |c ill en coul  |d 26 cm 
225 1 |a Grands portraits 
330 |a Rosa Parks et Martin Luther King se sont rencontrés en 1955. Si Rosa a provoqué le boycott des bus de la ville de Montgomery, c'est Martin qui a été nommé à la tête du mouvement... Publié dans le cadre de la 10e opération L'été des bouquins solidaires. 
600 0 |a King, Martin Luther (1929-1968)  |x Ouvrages pour la jeunesse 
600 0 |a Parks, Rosa (1913-2005)  |x Ouvrages pour la jeunesse 
606 0 |a Noirs américains  |x Ségrégation 
676 |a 305.8 
700 0 |a Frier  |b Raphaële  |4 70 
701 0 |a Zaü  |f 1943-....  |4 440 
900 |a Roman (enfants) 
901 |a Jeunesse 
995 |a Médiathèque  |c Médiathèque  |f 00156010103281  |h 00156010103281  |k E 305.8 FRI  |o p  |q j  |r az  |e Médiathèque